000 00355nam a2200133Ia 4500
005 20260326235447.0
008 260326s9999||||xx |||||||||||||| ||und||
100 _aVillagrán García, José
245 0 _aTeoría de la Arquitectura /
_cJosé Villagrán García
260 _bNuevo Mundo
300 _a530 p.
650 _aARQUITECTURA-GENERAL
942 _cBK
999 _c7615
_d7615